Soil Management in India (Record no. 16272)
[ view plain ]
| 000 -LEADER | |
|---|---|
| fixed length control field | 00232nam a22000977a 4500 |
| 003 - CONTROL NUMBER IDENTIFIER | |
| control field | OSt |
| 008 - FIXED-LENGTH DATA ELEMENTS--GENERAL INFORMATION | |
| fixed length control field | 200629b ||||| |||| 00| 0 eng d |
| 100 ## - MAIN ENTRY--AUTHOR NAME | |
| Personal name | Hanumappa Ramappa Arakeri |
| 245 ## - TITLE STATEMENT | |
| Title | Soil Management in India |
| 942 ## - ADDED ENTRY ELEMENTS (KOHA) | |
| Koha item type | Books |
| Withdrawn status | Lost status | Damaged status | Home library | Current library | Date acquired | Cost, normal purchase price | Accession Number | Koha item type |
|---|---|---|---|---|---|---|---|---|
| Withdrawn | KAUAET | KAUAET | 29/06/2020 | 22.00 | 7595 | Books | ||
| Withdrawn | KAUAET | KAUAET | 22/01/2021 | 4053 | Books |
